Ramones by Height - Statistics

General Stats
  • This quiz has been taken 21 times
  • The average score is 4 of 7
Answer Stats
Hint Answer % Correct
6'6" Joey Ramone
88%
5'5" Tommy Ramone
88%
5'10" Dee Dee Ramone
63%
6'0 Johnny Ramone
50%
6'1" C.J. Ramone
38%
5'10" Marky Ramone
38%
6'3" Richie Ramone
25%
No matching quizzes found
Score Distribution
Percent of People with Each Score
Percentile by Number Answered
Your Score History
You have not taken this quiz